Návrh závlahovej sústavy v prostredí Cad

Salvato in:
Dettagli Bibliografici
Autore principale: Jurči, Milan (Autore)
Altri autori: Bajtek, Zbyněk (Relatore della tesi)
Natura: Manoscritto Libro
Lingua:slovacco
Pubblicazione: 2015
Soggetti:
Accesso online:http://is.stuba.sk/zp/portal_zp.pl?podrobnosti=98767
https://opac.crzp.sk/?fn=detailBiblioForm&sid=FF44C990A7CA883E4D8D59929FD7
Tags: Aggiungi Tag
Nessun Tag, puoi essere il primo ad aggiungerne!!

MARC

LEADER 00000ntm a22000003a 4500
001 stuzp51914
003 SK-STU
005 20230811162459.6
007 ta
008 150427s2015----xo-----f-mn---000-0-slo-d
040 |a STU  |b slo 
041 0 |a slo 
100 1 |a Jurči, Milan  |u 010160  |4 aut  |U SvF Stavebná fakulta  |T SvF Katedra vodného hospodárstva krajiny  |X 74301  |U V160  |Y 16  |7 74301 
242 0 1 |a Proposal irrigation system in the CAD environment  |y eng 
245 1 0 |a Návrh závlahovej sústavy v prostredí Cad 
260 |c 2015 
650 4 |a Zavlažovací systém  |2 slo 
650 4 |a centrálne pivotové zavlažovanie  |2 slo 
650 4 |a mesačné zrážkove úhrny  |2 slo 
650 4 |a irrigation system  |2 eng 
650 4 |a central pivot irrigation  |2 eng 
650 4 |a monthly precipitation totals  |2 eng 
700 1 |a Bajtek, Zbyněk  |4 ths  |X 42579  |7 A000042579 
856 4 |u http://is.stuba.sk/zp/portal_zp.pl?podrobnosti=98767 
856 4 |u https://opac.crzp.sk/?fn=detailBiblioForm&sid=FF44C990A7CA883E4D8D59929FD7 
SQL |a stuzp51914  |b DBP  |c SLO  |d Návrh závlahovej sústavy v prostredí Cad  |e 74301  |f Jurči, Milan  |g 010160  |h 42579  |i Bajtek, Zbyněk  |j 20150623  |k 7  |l 01  |m http://is.stuba.sk/zp/portal_zp.pl?podrobnosti=98767  |n B-VSH  |o 5.1.6. vodné stavby, 6.4.1. vodné hospodárstvo